000
00351nam a2200157Ia 4500
008
210716s1994 xx 000 0 und d
020
_a
0380772574
041
_a
eng
082
_a
808.83 LOWE
100
_a
Lowell, Elizabeth.
245
_a
Enchanted.
250
_a
1
260
_a
New York
_b
Avon Books
_c
1994
300
_a
395
650
_a
Novels
999
_c
200199
_d
200199